<?xml version="1.0" encoding="UTF-8"?>
<record
    xmlns:xsi="http://www.w3.org/2001/XMLSchema-instance"
    xsi:schemaLocation="http://www.loc.gov/MARC21/slim http://www.loc.gov/standards/marcxml/schema/MARC21slim.xsd"
    xmlns="http://www.loc.gov/MARC21/slim">

  <leader>02513nam a2200289 i 4500</leader>
  <controlfield tag="001">000000518</controlfield>
  <controlfield tag="003">DO-SdBNP</controlfield>
  <controlfield tag="005">20260527145007.0</controlfield>
  <controlfield tag="007">ta</controlfield>
  <controlfield tag="008">081212s2006    dr ac   r     001 0 spa d</controlfield>
  <datafield tag="040" ind1=" " ind2=" ">
    <subfield code="a">DO-SdBNP</subfield>
    <subfield code="b">spa</subfield>
    <subfield code="c">BNPHU</subfield>
    <subfield code="e">rda</subfield>
  </datafield>
  <datafield tag="041" ind1=" " ind2=" ">
    <subfield code="a">spa</subfield>
  </datafield>
  <datafield tag="082" ind1=" " ind2="4">
    <subfield code="a">364.36</subfield>
    <subfield code="b">L192s</subfield>
    <subfield code="2">22</subfield>
  </datafield>
  <datafield tag="100" ind1="1" ind2=" ">
    <subfield code="a">Lake, Crist&#xF3;bal</subfield>
    <subfield code="9">1709</subfield>
    <subfield code="4">aut.</subfield>
    <subfield code="e">autor</subfield>
  </datafield>
  <datafield tag="245" ind1="1" ind2="0">
    <subfield code="a">Satanismo, pandillas y naciones /</subfield>
    <subfield code="c">Crist&#xF3;bal Lake.</subfield>
  </datafield>
  <datafield tag="264" ind1=" " ind2=" ">
    <subfield code="a">Santo Domingo :</subfield>
    <subfield code="b">Security Plus,</subfield>
    <subfield code="c">2006.</subfield>
  </datafield>
  <datafield tag="300" ind1=" " ind2=" ">
    <subfield code="a">255 p&#xE1;ginas :</subfield>
    <subfield code="b">ilustraciones, retratos ;</subfield>
    <subfield code="c">21 cm.</subfield>
  </datafield>
  <datafield tag="336" ind1=" " ind2=" ">
    <subfield code="a">texto</subfield>
    <subfield code="b">txt</subfield>
    <subfield code="2">rdacontent</subfield>
  </datafield>
  <datafield tag="337" ind1=" " ind2=" ">
    <subfield code="a">sin mediaci&#xF3;n</subfield>
    <subfield code="b">n</subfield>
    <subfield code="2">rdamedia</subfield>
  </datafield>
  <datafield tag="338" ind1=" " ind2=" ">
    <subfield code="a">volumen  </subfield>
    <subfield code="b">nc</subfield>
    <subfield code="2">rdacarrier </subfield>
  </datafield>
  <datafield tag="505" ind1="0" ind2=" ">
    <subfield code="t">Prefacio --</subfield>
    <subfield code="t">Introducci&#xF3;n --</subfield>
    <subfield code="t">Antecedente hist&#xF3;rico internacional de las pandillas --</subfield>
    <subfield code="t">Antecedentes hist&#xF3;rico nacional en Rep&#xFA;blica Dominicana --</subfield>
    <subfield code="t">Influencia de los medios de comunicaci&#xF3;n ---</subfield>
    <subfield code="t">Entorno familiar --</subfield>
    <subfield code="t">Autoestima del individuo --</subfield>
    <subfield code="t">Perfil psicol&#xF3;gico --</subfield>
    <subfield code="t">&#xBF;Que es una naci&#xF3;n? --</subfield>
    <subfield code="t">Estructuraci&#xF3;n de una naci&#xF3;n --</subfield>
    <subfield code="t">Reglas que utilizan el cap&#xED;tulo amor y paz --</subfield>
    <subfield code="t">Iniciaci&#xF3;n en una naci&#xF3;n o cap&#xED;tulo --</subfield>
    <subfield code="t">&#xBF;Por qu&#xE9; la juventud se asocia a una naci&#xF3;n? --</subfield>
    <subfield code="t">Naciones y cap&#xED;tulos, cuantos hay en R.D. --</subfield>
    <subfield code="t">C&#xF3;digo de honor --</subfield>
    <subfield code="t">Los trinitarios --</subfield>
    <subfield code="t">Los Latin King --</subfield>
    <subfield code="t">Los &#xD1;eta --</subfield>
    <subfield code="t">Bloods: los sangres --</subfield>
    <subfield code="t">Los Mara-MS-13 (M-18) --</subfield>
    <subfield code="t">Uso de los collares --</subfield>
    <subfield code="t">Los Cripz --</subfield>
    <subfield code="t">Vestimenta, modismo y simbolog&#xED;a --</subfield>
    <subfield code="t">Gestos, ademanes, se&#xF1;as --</subfield>
    <subfield code="t">Alfabeto y graffity --</subfield>
    <subfield code="t">Tatuaje --</subfield>
    <subfield code="t">Naciones y el satanismo --</subfield>
    <subfield code="t">Grupos sat&#xE1;nicos, sectas sat&#xE1;nicas y sus simbolog&#xED;as --</subfield>
    <subfield code="t">Clasificaci&#xF3;n de los satanistas --</subfield>
    <subfield code="t">tLa misa negra --</subfield>
    <subfield code="t">Primera iglesia sat&#xE1;nica --</subfield>
    <subfield code="t">Ca&#xED;da de Lucifer --</subfield>
    <subfield code="t">Diferentes nombres atribuidos a Satan&#xE1;s --</subfield>
    <subfield code="t">Diccionario de jergas de las calles --</subfield>
    <subfield code="t">Diccionario de palabras --</subfield>
    <subfield code="t">Historia de la religi&#xF3;n rastafari --</subfield>
    <subfield code="t">Historia de la quija. La quija juego o realidad --</subfield>
    <subfield code="t">Los mensajes ocultos de la producciones de Disney --</subfield>
    <subfield code="t">Historia de los Dragon ball --</subfield>
    <subfield code="t">Diccionario sat&#xE1;nico, entidades, figuras y s&#xED;mbolos --</subfield>
    <subfield code="t">Rock, demonio y mensajes publiminares --</subfield>
    <subfield code="t">La moda --</subfield>
    <subfield code="t">Qu&#xE9; es en realidad halloween --</subfield>
    <subfield code="t">Conclusi&#xF3;n --</subfield>
    <subfield code="t">Recomendaciones con respecto al problema de la delincuencia juvenil --</subfield>
    <subfield code="t">Cada hombre debe experimentar un cambio --</subfield>
    <subfield code="t">Diez reglas f&#xE1;ciles para formar un delincuente --</subfield>
    <subfield code="t">Se busca un amigo --</subfield>
    <subfield code="t">Estad&#xED;stica de pandilla --</subfield>
    <subfield code="t">Bibliograf&#xED;a.</subfield>
  </datafield>
  <datafield tag="590" ind1=" " ind2=" ">
    <subfield code="a">Inventariado, 2026 /MFF</subfield>
  </datafield>
  <datafield tag="650" ind1=" " ind2="7">
    <subfield code="a">Pandillas</subfield>
    <subfield code="9">1710</subfield>
  </datafield>
  <datafield tag="650" ind1=" " ind2="7">
    <subfield code="a">Delincuencia juvenil</subfield>
    <subfield code="9">1711</subfield>
  </datafield>
  <datafield tag="650" ind1=" " ind2="7">
    <subfield code="a">Satanismo</subfield>
    <subfield code="9">1712</subfield>
  </datafield>
  <datafield tag="942" ind1=" " ind2=" ">
    <subfield code="2">ddc</subfield>
    <subfield code="c">LBS1</subfield>
  </datafield>
  <datafield tag="952" ind1=" " ind2=" ">
    <subfield code="0">0</subfield>
    <subfield code="1">0</subfield>
    <subfield code="2">ddc</subfield>
    <subfield code="5">6</subfield>
    <subfield code="7">0</subfield>
    <subfield code="8">DS</subfield>
    <subfield code="a">BNPHU</subfield>
    <subfield code="b">BNPHU</subfield>
    <subfield code="c">HD</subfield>
    <subfield code="d">2009-08-18</subfield>
    <subfield code="l">0</subfield>
    <subfield code="o">BNPHU DS 364.36 L192s</subfield>
    <subfield code="p">518-30</subfield>
    <subfield code="r">2020-06-25</subfield>
    <subfield code="t">e. 3</subfield>
    <subfield code="w">2020-06-25</subfield>
    <subfield code="y">LBS1</subfield>
    <subfield code="Z">Pr&#xE9;stamo en sala</subfield>
  </datafield>
  <datafield tag="952" ind1=" " ind2=" ">
    <subfield code="0">0</subfield>
    <subfield code="1">0</subfield>
    <subfield code="2">ddc</subfield>
    <subfield code="5">1</subfield>
    <subfield code="7">0</subfield>
    <subfield code="8">PD</subfield>
    <subfield code="a">BNPHU</subfield>
    <subfield code="b">BNPHU</subfield>
    <subfield code="c">HD</subfield>
    <subfield code="d">2009-08-18</subfield>
    <subfield code="l">0</subfield>
    <subfield code="o">BNPHU PD 364.36 L192s</subfield>
    <subfield code="p">518-10</subfield>
    <subfield code="r">2020-06-25</subfield>
    <subfield code="w">2020-06-25</subfield>
    <subfield code="y">LBS1</subfield>
    <subfield code="Z">No se presta</subfield>
  </datafield>
  <datafield tag="952" ind1=" " ind2=" ">
    <subfield code="0">0</subfield>
    <subfield code="1">0</subfield>
    <subfield code="2">ddc</subfield>
    <subfield code="5">1</subfield>
    <subfield code="7">0</subfield>
    <subfield code="8">PD</subfield>
    <subfield code="a">BNPHU</subfield>
    <subfield code="b">BNPHU</subfield>
    <subfield code="c">HD</subfield>
    <subfield code="d">2009-08-18</subfield>
    <subfield code="l">0</subfield>
    <subfield code="o">BNPHU PD 364.36 L192s</subfield>
    <subfield code="p">518-20</subfield>
    <subfield code="r">2020-06-25</subfield>
    <subfield code="t">e. 2</subfield>
    <subfield code="w">2020-06-25</subfield>
    <subfield code="y">LBS1</subfield>
    <subfield code="Z">No se presta</subfield>
  </datafield>
  <datafield tag="999" ind1=" " ind2=" ">
    <subfield code="c">516</subfield>
    <subfield code="d">516</subfield>
  </datafield>
</record>
